Il diritto di accesso ad Internet

Detalles Bibliográficos
Formato: eBook
Lenguaje:italiano
Publicado: Firenze : ITTIG, 2010
Materias:
Acceso en línea:http://www.vlex.com/source/10926

MARC

LEADER 00000nam a22000007a 4500
005 20130328164603.0
007 cr|||| ||||
008 130328e2010 it |||||s|||| 00||0 ita d
020 |a 978-88-495-2253-2 
035 |a 10926 
040 |a vLex 
090 |c 4076  |d 4076 
245 0 3 |a Il diritto di accesso ad Internet  |h [Recurso electrn̤ico]  
256 |a Servicio en ln̕ea 
260 |a Firenze :  |b ITTIG,   |c 2010  
300 |a 1 Recurso electrn̤ico 
506 |a Contenido solo disponible en los productos indicados  |d vLex Global  |d vLex Global (Academic Edition, excluding Law Schools)  |d vLex Global (U.S. Academic Edition, Law Schools)  |d vLex Global (U.S. Academic Edition, excluding Law Schools)  |d vLex Global (Academic Edition, Law Schools) 
650 0 4 |a Derecho de las nuevas tecnologa̕s  |z Italia 
740 |a vLex Libros (Servicio en ln̕ea) 
856 |a Acceso restringido  |u http://www.vlex.com/source/10926 
942 |c BOOK